The observations : (Record no. 352728)

000 -LEADER
fixed length control field 01062 a2200301 4500
003 - CONTROL NUMBER IDENTIFIER
control field OSt
005 - DATE AND TIME OF LATEST TRANSACTION
control field 20180116192343.0
008 - FIXED-LENGTH DATA ELEMENTS--GENERAL INFORMATION
fixed length control field 120531t xxu||||| |||| 00| 0 eng d
010 ## - LIBRARY OF CONGRESS CONTROL NUMBER
LC control number 2006297266
020 ## - INTERNATIONAL STANDARD BOOK NUMBER
International Standard Book Number 0670037737
020 ## - INTERNATIONAL STANDARD BOOK NUMBER
International Standard Book Number 9780143112013
035 ## - SYSTEM CONTROL NUMBER
System control number (OCoLC)ocm70001712
040 ## - CATALOGING SOURCE
Transcribing agency 0
082 04 - DEWEY DECIMAL CLASSIFICATION NUMBER
Classification number 823.92
100 1# - MAIN ENTRY--PERSONAL NAME
Personal name Harris, Jane.
9 (RLIN) 2751
245 14 - TITLE STATEMENT
Title The observations :
Remainder of title a novel /
Statement of responsibility, etc. Jane Harris.
250 ## - EDITION STATEMENT
Edition statement 1st American ed.
260 ## - PUBLICATION, DISTRIBUTION, ETC.
Place of publication, distribution, etc. New York :
Name of publisher, distributor, etc. Viking,
Date of publication, distribution, etc. 2006.
300 ## - PHYSICAL DESCRIPTION
Extent 405 p. :
Dimensions 24 cm.
650 #0 - SUBJECT ADDED ENTRY--TOPICAL TERM
Topical term or geographic name entry element Women household employees
Geographic subdivision Scotland
9 (RLIN) 2752
650 #0 - SUBJECT ADDED ENTRY--TOPICAL TERM
Topical term or geographic name entry element Irish
Geographic subdivision Scotland
9 (RLIN) 2753
651 #0 - SUBJECT ADDED ENTRY--GEOGRAPHIC NAME
Geographic name Scotland
General subdivision Social life and customs
Chronological subdivision 19th century
9 (RLIN) 2754
655 #7 - INDEX TERM--GENRE/FORM
Genre/form data or focus term Historical fiction.
9 (RLIN) 2755
856 42 - ELECTRONIC LOCATION AND ACCESS
Materials specified Contributor biographical information
Uniform Resource Identifier <a href="http://www.loc.gov/catdir/enhancements/fy0719/2006297266-b.html">http://www.loc.gov/catdir/enhancements/fy0719/2006297266-b.html</a>
856 42 - ELECTRONIC LOCATION AND ACCESS
Materials specified Publisher description
Uniform Resource Identifier <a href="http://www.loc.gov/catdir/enhancements/fy0719/2006297266-d.html">http://www.loc.gov/catdir/enhancements/fy0719/2006297266-d.html</a>
942 ## - ADDED ENTRY ELEMENTS (KOHA)
Institution code [OBSOLETE] SADA
Koha item type Book
Call number prefix 823.92 HAR 2006
Source of classification or shelving scheme
Holdings
Withdrawn status Lost status Source of classification or shelving scheme Damaged status Not for loan Permanent Location Current Location Date acquired Total Checkouts Total Renewals Full call number Barcode Date last seen Date last checked out Cost, replacement price Price effective from Koha item type
          School of Art Design and Architecture (SADA) School of Art Design and Architecture (SADA) 04/12/2011 10 12 823.92 HAR 2006 SADA0000815 03/04/2026 01/01/2026 995.00 08/05/2011 Book
© 2023 Central Library, National University of Sciences and Technology. All Rights Reserved.